Electric cables and overhead electrical conductors / (Record no. 15147)

MARC details
000 -LEADER
fixed length control field 00645nam a22002177a 4500
001 - CONTROL NUMBER
control field GB1295
003 - CONTROL NUMBER IDENTIFIER
control field IN-BhIIT
005 - DATE AND TIME OF LATEST TRANSACTION
control field 20251009125002.0
008 - FIXED-LENGTH DATA ELEMENTS--GENERAL INFORMATION
fixed length control field 251009b |||||||| |||| 00| 0 eng d
040 ## - CATALOGING SOURCE
Original cataloging agency IN-BhIIT
041 ## - LANGUAGE CODE
Language code of text eng
082 ## - DEWEY DECIMAL CLASSIFICATION NUMBER
Classification number 621.31934
Book number UNN/E
100 ## - MAIN ENTRY--AUTHOR NAME
Personal name Unnikrishnan, A. R.
Relator term Author
245 ## - TITLE STATEMENT
Title Electric cables and overhead electrical conductors /
Statement of responsibility, etc A. R. Unnikrishnan.
260 ## - PUBLICATION, DISTRIBUTION, ETC. (IMPRINT)
Place of publication New Delhi :
Name of publisher Bureau of Indian Standards,
Year of publication 2024.
300 ## - PHYSICAL DESCRIPTION
Number of Pages iv, 52 p. :
Other physical details(ill.) ill. ;
Dimensions(size) 28 cm.
650 ## - SUBJECT ADDED ENTRY--TOPICAL TERM
Topical Term Electric cables
Topical Term Cables, Electric
Topical Term Electric conductors
942 ## - ADDED ENTRY ELEMENTS (KOHA)
Koha item type Gratis Book
Holdings
Withdrawn status Lost status Damaged status Not for loan Home library Current library Date acquired Full call number Accession Number Price effective from Koha item type
Not withdrawn Not Lost not damaged   Central Library, IIT Bhubaneswar Central Library, IIT Bhubaneswar 09/10/2025 621.31934 UNN/E GB1295 09/10/2025 Course Reserve
Not withdrawn Not Lost not damaged   Central Library, IIT Bhubaneswar Central Library, IIT Bhubaneswar 09/10/2025 621.31934 UNN/E GB1296 09/10/2025 Gratis Book
Not withdrawn Not Lost not damaged   Central Library, IIT Bhubaneswar Central Library, IIT Bhubaneswar 09/10/2025 621.31934 UNN/E GB1297 09/10/2025 Gratis Book
Not withdrawn Not Lost not damaged   Central Library, IIT Bhubaneswar Central Library, IIT Bhubaneswar 09/10/2025 621.31934 UNN/E GB1298 09/10/2025 Gratis Book
Not withdrawn Not Lost not damaged   Central Library, IIT Bhubaneswar Central Library, IIT Bhubaneswar 09/10/2025 621.31934 UNN/E GB1299 09/10/2025 Gratis Book

Central Library, Indian Institute of Technology Bhubaneswar, 4th Floor, Administrative Building, Argul, Khordha, PIN-752050, Odisha, India
Phone: +91-674-7138750 | Email: circulation.library@iitbbs.ac.in (For circulation related queries),
Email: info.library@iitbbs.ac.in (For other queries)